| 000 | 00462nam a2200181Ia 4500 | ||
|---|---|---|---|
| 001 | 23081 | ||
| 005 | 20260414150913.0 | ||
| 008 | 260414t2005||||xx |||||||||||||| ||spa|| | ||
| 041 | _aESP | ||
| 082 |
_a624.1834 _bI59C |
||
| 110 | _aInstituto Mexicano del Cemento y del Concreto | ||
| 245 | 0 |
_aConcreto lanzado para obras subterráneas _b |
|
| 260 | _c2005 | ||
| 300 |
_a99 páginas : _c28 cm. |
||
| 650 | _a0 | ||
| 654 | _aCIC | ||
| 942 |
_cLIB _dJUS _fJUS _2ddc _n |
||
| 999 |
_c23081 _d23081 |
||